Turbulence (Record no. 5373)

000 -LEADER
fixed length control field 00511nam a2200205 i 4500
001 - CONTROL NUMBER
control field 5373
003 - CONTROL NUMBER IDENTIFIER
control field BD-DhUET
008 - FIXED-LENGTH DATA ELEMENTS--GENERAL INFORMATION
fixed length control field 750220s1975 nyua b 001 0 eng
020 ## - INTERNATIONAL STANDARD BOOK NUMBER
International Standard Book Number 0070290377
040 ## - CATALOGING SOURCE
Original cataloging agency DLC
Transcribing agency DLC
Modifying agency BD-DhUET
082 00 - DEWEY DECIMAL CLASSIFICATION NUMBER
Classification number 532.56
Item number HIN/1975
100 1# - MAIN ENTRY--PERSONAL NAME
Personal name Hinze, J. O.
245 00 - TITLE STATEMENT
Title Turbulence
250 ## - EDITION STATEMENT
Edition statement 2nd ed.
260 ## - PUBLICATION, DISTRIBUTION, ETC. (IMPRINT)
Place of publication, distribution, etc. New York
Name of publisher, distributor, etc. McGraw-Hill
Date of publication, distribution, etc. 1975
300 ## - PHYSICAL DESCRIPTION
Extent x,790p.
Other physical details ill.
Dimensions 24 cm.
490 0# - SERIES STATEMENT
Series statement McGraw-Hill series in mechanical engineering
650 #0 - SUBJECT ADDED ENTRY--TOPICAL TERM
Topical term or geographic name as entry element Turbulence
942 ## - ADDED ENTRY ELEMENTS (KOHA)
Koha item type General Book
Holdings
Location (home branch) Damaged status Source of classification or shelving scheme Not for loan Price effective from Koha date last borrowed Lost status Copy number Date acquired Koha date last seen Sublocation or collection (holding branch) Shelving location Koha normalized classification for sorting Koha item type Withdrawn status Piece designation (barcode) Koha full call number Koha issues (times borrowed)
Central Library, BUET   2014-11-26  12014-11-262014-11-26Central Library, BUETCirculation section532_560000000000000_HIN_1975General Book 63813532.56/HIN/1975 
Central Library, BUET   2014-11-26  22014-11-262014-11-26Central Library, BUETCirculation section532_560000000000000_HIN_1975General Book 63816532.56/HIN/1975 
Central Library, BUET   2014-12-07  32014-12-072014-12-07Central Library, BUETCirculation section532_560000000000000_HIN_1975General Book 44334532.56/HIN/1975 
Central Library, BUET   2014-12-07  42014-12-072014-12-07Central Library, BUETCirculation section532_560000000000000_HIN_1975General Book 63807532.56/HIN/1975 
Central Library, BUET   2014-12-072015-03-25 52014-12-072015-03-29Central Library, BUETCirculation section532_560000000000000_HIN_1975General Book 63812532.56/HIN/19751
Central Library, BUET   2014-12-07  62014-12-072014-12-07Central Library, BUETCirculation section532_560000000000000_HIN_1975General Book 63805532.56/HIN/1975 
Central Library, BUET   2014-12-07  72014-12-072014-12-07Central Library, BUETCirculation section532_560000000000000_HIN_1975General Book 63810532.56/HIN/1975 
Central Library, BUET   2014-12-07  82014-12-072014-12-07Central Library, BUETCirculation section532_560000000000000_HIN_1975General Book 63808532.56/HIN/1975 
Central Library, BUET   2014-12-07  92014-12-072014-12-07Central Library, BUETCirculation section532_560000000000000_HIN_1975General Book 63809532.56/HIN/1975 
Central Library, BUET   2014-12-072022-11-14 102014-12-072023-02-28Central Library, BUETCirculation section532_560000000000000_HIN_1975General Book 63806532.56/HIN/19751
Central Library, BUET   2014-12-072015-05-26 112014-12-072015-09-14Central Library, BUETCirculation section532_560000000000000_HIN_1975General Book 63815532.56/HIN/19751
Central Library, BUET   2015-03-09  122015-03-092015-03-09Central Library, BUETCirculation section532_560000000000000_HIN_1975General Book 39158532.56/HIN/1975 
Central Library, BUET   2015-06-07  132015-06-072015-06-07Central Library, BUETReading section532_560000000000000_HIN_1975Reading Item 58968532.56/HIN/1975 
Central Library, BUET   2015-06-07  142015-06-072015-06-07Central Library, BUETReading section532_560000000000000_HIN_1975Reading Item 60653532.56/HIN/1975 
Central Library, BUET   2015-06-23  152015-06-232015-06-23Central Library, BUETReading section532_560000000000000_HIN_1975Reading Item 52729532.56/HIN/1975 
Central Library, BUET   2024-11-162024-11-27 161985-06-292024-11-27Central Library, BUETCirculation section532_560000000000000_HIN_1975General Book 63811532.56 HIN/19751
Central Library, BUET   2024-11-16   2024-11-162024-11-16Central Library, BUET 532_560000000000000_HIN_1975General Book  532.56 HIN/1975 
Central Library, BUET   2024-11-16  182025-09-032024-11-16Central Library, BUETCirculation section532_560000000000000_HIN_1975General Book 39159532.56 HIN/1975